Право социального обеспечения (Запись № 10285269)

Подробности
000 -МАРКЕР
контрольное поле 01521nam0a2200337 i 4500
001 - ИДЕНТИФИКАТОР ЗАПИСИ
контрольное поле RU\NLR\BIBL_A\010830328
005 - ИДЕНТИФИКАТОР ВЕРСИИ
контрольное поле 20260405152614.0
010 ## - МЕЖДУНАРОДНЫЙ СТАНДАРТНЫЙ НОМЕР КНИГИ (ISBN)
Номер (ISBN) 9785446400546
Тираж 500
021 ## - НОМЕР ГОСУДАРСТВЕННОЙ РЕГИСТРАЦИИ
Код страны Российская Федерация
Номер 2015-57023
Номер Листа государственной регистраци 3375
035 ## - ДРУГИЕ СИСТЕМНЫЕ НОМЕРА
Идентификатор записи (NILC)RuMoRGB-007987805
035 ## - ДРУГИЕ СИСТЕМНЫЕ НОМЕРА
Идентификатор записи (NLR Aleph) 010830328
100 ## - ДАННЫЕ ОБЩЕЙ ОБРАБОТКИ
Данные общей обработки 20150908d2015 u y0rusy50 ca
101 0# - ЯЗЫК РЕСУРСА
Язык текста, звукозаписи и т.д. русский
102 ## - СТРАНА ПУБЛИКАЦИИ ИЛИ ПРОИЗВОДСТВА
Страна публикации Российская Федерация
105 ## - ПОЛЕ КОДИРОВАННЫХ ДАННЫХ: ТЕКСТОВЫЕ МАТЕРИАЛЫ, МОНОГРАФИЧЕСКИЕ
Кодированные данные о монографическом текстовом документе y|||j|||000yy
200 1# - ЗАГЛАВИЕ И СВЕДЕНИЯ ОБ ОТВЕТСТВЕННОСТИ
Основное заглавие Право социального обеспечения
Сведения, относящиеся к заглавию учебник
Первые сведения об ответственности К.В. Алексеев, А.С. Кротик, Ю.Е. Попов
210 ## - ПУБЛИКАЦИЯ, РАСПРОСТРАНЕНИЕ И ДР.
Место издания, распространения и т.д. Рязань
Имя издателя, распространителя и т. д. Концепция
Дата издания, распространения и т.д. 2015
215 ## - ФИЗИЧЕСКАЯ ХАРАКТЕРИСТИКА
Специфическое обозначение материала и объем 377, [1] с.
Размеры 21
320 ## - ПРИМЕЧАНИЯ О НАЛИЧИИ В ДОКУМЕНТЕ БИБЛИОГРАФИИ / УКАЗАТЕЛЯ
Текст примечания Библиогр.: с. 377-378
606 1# - НАИМЕНОВАНИЕ ТЕМЫ КАК ПРЕДМЕТ
Наименование темы Социальное обеспечение
Формальный подзаголовок Учебники для высших учебных заведений
Тематический подзаголовок Правовые вопросы
Географический подзаголовок Российская Федерация
Системный номер авторитетной/нормативной записи 2078048
Идентификатор авторитетной/нормативной записи RU\NLR\AUTH\661253850
675 ## - УНИВЕРСАЛЬНАЯ ДЕСЯТИЧНАЯ КЛАССИФИКАЦИЯ (UDC/УДК)
Индекс 364
686 1# - ИНДЕКСЫ ДРУГИХ КЛАССИФИКАЦИЙ
Индекс Х621.159я73
700 #1 - ИМЯ ЛИЦА - ПЕРВИЧНАЯ ОТВЕТСТВЕННОСТЬ
Начальный элемент ввода Алексеев
Часть имени, кроме начального элемента ввода К. В.
Дополнения к именам, кроме дат канд. филол. наук, юрист
Расширение инициалов личного имени Кирилл Васильевич
Системный номер авторитетной/нормативной записи 148958
Идентификатор авторитетной/нормативной записи RU\NLR\AUTH\770148994
701 #1 - ИМЯ ЛИЦА - АЛЬТЕРНАТИВНАЯ ОТВЕТСТВЕННОСТЬ
Начальный элемент ввода Кротик
Часть имени, кроме начального элемента ввода А. С.
Расширение инициалов личного имени Александр Семенович
701 #1 - ИМЯ ЛИЦА - АЛЬТЕРНАТИВНАЯ ОТВЕТСТВЕННОСТЬ
Материалы, к которым относится поле rus
Графика поля Кириллица
Начальный элемент ввода Попов
Часть имени, кроме начального элемента ввода Ю. Е.
Дополнения к именам, кроме дат канд. мед. наук, юрист
Даты 1952-
Расширение инициалов личного имени Юрий Евгеньевич
Идентификатор авторитетной/нормативной записи RU\NLR\AUTH\7763690
Системный номер авторитетной/нормативной записи 46619
801 #0 - ИСТОЧНИК ЗАПИСИ
Страна Российская Федерация
Организация РГБ
Дата составления 20150730
Правила каталогизации RCR
942 ## - ДОПОЛНИТЕЛЬНЫЕ ЭЛЕМЕНТЫ ЗАПИСИ (АБИС)
Тип экземпляра АБИС Книга
980 ## - КОЛЛЕКЦИЯ
Название коллекции НБР

Нет доступных экземпляров.